| Tag |
First Indicator |
Second Indicator |
Subfields |
| LEADER |
00000cam a2200000 a 4500 |
| 001 |
in00000033416 |
| 005 |
20151007060619.0 |
| 008 |
810227c19811964nyu 00011 eng |
| 010 |
|
|
|a 81001494
|
| 020 |
|
|
|a 0393000443
|
| 035 |
|
|
|a (OCoLC)07272352
|
| 035 |
|
|
|9 AAC1281AM
|
| 040 |
|
|
|a DLC
|c DLC
|d m/c
|d TXA
|d UtOrBLW
|
| 041 |
1 |
|
|a eng
|h rus
|
| 049 |
|
|
|a TXAM
|c [A11527402]
|
| 050 |
1 |
0 |
|a PG3326
|b .I4 1981
|
| 100 |
1 |
|
|a Dostoyevsky, Fyodor,
|d 1821-1881.
|
| 240 |
1 |
0 |
|a Igrok.
|l English
|
| 245 |
1 |
4 |
|a The gambler /
|c by Fyodor Dostoevsky ; translated and with an introduction by Andrew R. MacAndrew.
|
| 264 |
|
1 |
|a New York :
|b W.W. Norton,
|c 1981
|
| 264 |
|
4 |
|c ©1964
|
| 300 |
|
|
|a 188 pages ;
|c 19 cm.
|
| 336 |
|
|
|a text
|b txt
|2 rdacontent
|
| 337 |
|
|
|a unmediated
|b n
|2 rdamedia
|
| 338 |
|
|
|a volume
|b nc
|2 rdacarrier
|
| 500 |
|
|
|a Translation of: Igrok.
|
| 700 |
1 |
|
|a MacAndrew, Andrew R.
|q (Andrew Robert),
|d 1911-2001.
|
| 949 |
|
|
|a updated
|b h
|c 2007/3/6
|e spoltoratski
|f 10:37:50 am
|
| 999 |
|
|
|a MARS
|
| 999 |
f |
f |
|s 3c4ab47f-077e-3ed5-bafd-e079086ae26a
|i 40e293a7-ea5a-3a1b-9fa3-45aa06be7a92
|t 0
|
| 952 |
f |
f |
|p normal
|a Texas A&M University
|b College Station
|c Sterling C. Evans Library
|s Evans stk
|d Evans: Library Stacks
|t 0
|e PG3326 .I4 1981
|h Library of Congress classification
|i unmediated -- volume
|m A14811527402
|
| 998 |
f |
f |
|a PG3326 .I4 1981
|t 0
|l Evans: Library Stacks
|